000 00855nam a2200217Ii 4500
003 JO-AjNU
008 230605s9999||||xx |||||||||||||| ||und||
017 _a2002/8/2094
040 _aJO-AjNU
_bara
_erda
_cJO-AjNU
041 _aara
050 1 4 _aPJ7852.A92.I72 2002
100 3 _aإعداد وتقديم النجار، تيسير,
_eauthor
_948688
245 0 0 _aعيسى الناعوري: شطحات مع الآداب الأجنبية
264 3 1 _aعمان:وزارة الثقافة،2002
300 _a304ص
336 _atext
_btxt
_2rdacontent
337 _aunmediated
_bn
_2rdamedia
338 _avolume
_bnc
_2rdacarrier
490 0 _aسلسلة كتب ثقافية تصدرها وزارة الثقافة المملكة الأردنية الهاشمية 2002
650 4 _a الأدب العربي - الأردن - تاريخ ونقد
_948689
999 _aA21339
_c24907
_d24907